UITU Library & LRC     

Our American Government (Record no. 18580)

MARC details
000 -LEADER
fixed length control field 00353nam a2200157Ia 4500
003 - CONTROL NUMBER IDENTIFIER
control field OSt
005 - DATE AND TIME OF LATEST TRANSACTION
control field 20260518142429.0
008 - FIXED-LENGTH DATA ELEMENTS--GENERAL INFORMATION
fixed length control field 241002s9999 xx 000 0 und d
040 ## - CATALOGING SOURCE
Transcribing agency AACR2
082 ## - DEWEY DECIMAL CLASSIFICATION NUMBER
Classification number 973.32 PAT
100 ## - MAIN ENTRY--PERSONAL NAME
Personal name Patman, Wrigth
245 #0 - TITLE STATEMENT
Title Our American Government
260 ## - PUBLICATION, DISTRIBUTION, ETC.
Place of publication, distribution, etc. New York:
Date of publication, distribution, etc. 1957
600 ## - SUBJECT ADDED ENTRY--PERSONAL NAME
Personal name History
942 ## - ADDED ENTRY ELEMENTS (KOHA)
Koha item type Usman Collection
Source of classification or shelving scheme Dewey Decimal Classification
Holdings
Withdrawn status Lost status Source of classification or shelving scheme Damaged status Not for loan Home library Current library Date acquired Total checkouts Full call number Barcode Date last seen Price effective from Koha item type
    Dewey Decimal Classification     UITU Library UITU Library 01/01/1994   973.32 PAT UC253 10/02/2024 10/02/2024 Usman Collection

Powered by Koha